Statistiken für 10 Asiatische Länder mit den meisten Touristen

Klicken Sie hier um das Quiz zu spielen!

Allgemein

  • Dieses Quiz wurde 15.401 mal gespielt
  • Das Durchschnittsergebnis liegt bei 7 aus 10

Antwortstatistiken

# AnkünfteLand% Korrekt
59.3 Mio.China
100%
24.0 Mio.Japan
97%
14.6 Mio.Indien
92%
32.6 Mio.Thailand
90%
17.2 Mio.Südkorea
83%
≈ 30 Mio.Türkei
61%
18.0 Mio.Saudi-Arabien
55%
26.8 Mio.Malaysia
54%
12.9 Mio.Singapur
54%
14.9 Mio.Vereinigte Arabische Emirate
50%

Verteilung der Resultate

Perzentil nach korrekt beantworteten Fragen

Anzahl Personen mit jedem Resultat

Ihre Resultats-Entwicklung

Sie haben dieses Quiz noch nicht gespielt